000 00375nam a2200133Ia 4500
008 151001s9999||||xx |||||||||||||| ||und||
100 _aसंजीव श्रीवास्तव
245 _aहमारी विधानसभायें
250 _a1
260 _bसरोज बुक्स
260 _c2010
300 _a129
365 _b21
999 _c995688
_d995685